RICS Practice Alert - trainees, candidates and students (global) (Record no. 122073)
[ view plain ]
| 000 -LEADER | |
|---|---|
| fixed length control field | 01034nam a22002057a 4500 |
| 008 - FIXED-LENGTH DATA ELEMENTS--GENERAL INFORMATION | |
| fixed length control field | 241220e20241217xxk|||||o|||| 00| 0 eng d |
| 041 ## - LANGUAGE CODE | |
| Language code of text/sound track or separate title | eng |
| 110 ## - MAIN ENTRY--CORPORATE NAME | |
| Corporate author | Royal Institution of Chartered Surveyors |
| 245 ## - TITLE STATEMENT | |
| Title | RICS Practice Alert - trainees, candidates and students (global) |
| Medium | [Email update] |
| 260 ## - PUBLICATION INFORMATION | |
| Place of publication | London, |
| Publisher | Royal Institution of Chartered Surveyors, |
| Date | 17 December 2024 |
| 300 ## - PHYSICAL DESCRIPTION | |
| Physical description | |
| 490 ## - SERIES TITLE | |
| Series statement | RICS Practice Alert |
| 520 ## - ABSTRACT | |
| Abstract | Practice Alert to all RICS members globally for special attention of all candidates, trainees and students enrolled as a member of the Attached Class with RICS. The <br/>purpose is to remind candidates, trainees and students how to correctly use RICS designations, logos and trademarks. |
| 650 ## - KEYWORDS | |
| Keywords | RICS |
| 651 ## - SUBJECT ADDED ENTRY--GEOGRAPHIC NAME | |
| Geographic name | International |
| 690 ## - BROAD SUBJECT | |
| Broad subject | RICS |
| 9 (RLIN) | 6277 |
| 710 ## - ADDED CORPORATE NAME | |
| Added corporate author | Royal Institution of Chartered Surveyors |
| 856 ## - ONLINE RESOURCE | |
| Uniform Resource Identifier | <a href="https://www.rics.org/content/dam/ricsglobal/documents/regulation/RICS-Practice-Alert-December-2024.pdf">https://www.rics.org/content/dam/ricsglobal/documents/regulation/RICS-Practice-Alert-December-2024.pdf</a> |
| Public note | View the online Practice Update |
| 942 ## - ADDED ENTRY ELEMENTS (KOHA) | |
| Suppress in OPAC | Do not suppress in OPAC |
| Lost status | Damaged status | Not for loan | Current library | Shelving location | Date acquired | Total Checkouts | Full call number | Date last seen | Price effective from | Koha item type |
|---|---|---|---|---|---|---|---|---|---|---|
| Virtual | Online | 20/12/2024 | 20/12/2024 | 20/12/2024 |